Normal view
MARC view
- Owen, Philip,
Entry Personal Name
001 - CONTROL NUMBER
- control field: 6698
003 - CONTROL NUMBER IDENTIFIER
- control field: URS
005 - DATE AND TIME OF LATEST TRANSACTION
- control field: 20260314123311.0
008 - FIXED-LENGTH DATA ELEMENTS
- fixed length control field: 260314|| aca||aabn | a|a d
040 ## - CATALOGING SOURCE
- Original cataloging agency: URS
100 ## - HEADING--PERSONAL NAME
- Personal name: Owen, Philip,
- Relator term: editor.